[Event "European Youth Chess Championship B16"]
[Site "Prague, Top Hotel Prague"]
[Date "2016.08.25"]
[Round "7.20"]
[White "Dobrovoljc, Vid"]
[Black "Hallman, Valo"]
[Result "1-0"]
[WhiteElo "2306"]
[BlackElo "2187"]
[PlyCount "85"]
[EventDate "2016.08.18"]

1. d4 d5 2. Nf3 Nf6 3. c4 e6 4. Nc3 Be7 5. cxd5 exd5 6. Bg5 c6 7. e3 Bf5 8. Bd3
Ne4 9. Bxe7 Qxe7 10. Qc2 Nd7 11. O-O O-O 12. Rab1 a5 13. Bxe4 Bxe4 14. Nxe4
dxe4 15. Nd2 Rfe8 16. Rfc1 Nb6 17. a3 Nd5 18. Qc5 a4 19. b4 axb3 20. Rxb3 Qxc5
21. dxc5 Ra5 22. Rxb7 f5 23. g3 g6 24. Nb3 Rxa3 25. Nd4 Rea8 26. Nxc6 Ra1 27.
Rxa1 Rxa1+ 28. Kg2 Rc1 29. Rb8+ Kf7 30. Rc8 Ke6 31. Nd4+ Kd7 32. Rh8 Rxc5 33.
Rxh7+ Kd6 34. Rh6 Ne7 35. h4 Ke5 36. h5 Kf6 37. hxg6 Nxg6 38. Rh5 Re5 39. Rh7
Re7 40. Rh1 Ra7 41. Rh5 Ne7 42. Rh7 Ra5 43. Rxe7 1-0

[Event "European Youth Chess Championship B16"]
[Site "Prague, Top Hotel Prague"]
[Date "2016.08.25"]
[Round "7.21"]
[White "O`Sullivan, Thomas"]
[Black "Zeman, Matyas"]
[Result "1-0"]
[WhiteElo "2293"]
[BlackElo "2166"]
[PlyCount "101"]
[EventDate "2016.08.18"]

1. d4 d5 2. c4 e6 3. Nc3 c6 4. e4 dxe4 5. Nxe4 Nd7 6. Nf3 Ngf6 7. Bd3 Be7 8.
O-O O-O 9. Qe2 Qc7 10. b3 b6 11. Bb2 Bb7 12. Rad1 Nxe4 13. Qxe4 Nf6 14. Qh4 h6
15. Ne5 c5 16. dxc5 Ne4 17. cxb6 axb6 18. Qg4 f5 19. Qe2 Bf6 20. Bxe4 Bxe4 21.
Nd7 Rxa2 22. Rd2 Rd8 23. Nxf6+ gxf6 24. f3 Rxd2 25. Qxd2 Bc6 26. Re1 Qd7 27.
Qc1 e5 28. Rd1 Qe7 29. Qb1 Ra8 30. Qxf5 Kg7 31. h3 Rd8 32. Re1 Re8 33. Qg4+ Kf7
34. Bc1 Rh8 35. Kh1 h5 36. Qh4 Qe6 37. Be3 Bb7 38. Ra1 Rh7 39. Rc1 Qf5 40. Qf2
Rg7 41. Rd1 h4 42. Ra1 Kg8 43. Ra7 Qb1+ 44. Kh2 Qxb3 45. Bh6 Rf7 46. Qxh4 Qc2
47. Qh5 Qd3 48. Ra3 Qxc4 49. Qg6+ Kh8 50. Ra4 Qc6 51. Rh4 1-0

[Event "European Youth Chess Championship B16"]
[Site "Prague, Top Hotel Prague"]
[Date "2016.08.25"]
[Round "7.22"]
[White "Birkisson, Bardur Orn"]
[Black "Ayats, Llobera Gerard"]
[Result "1/2-1/2"]
[WhiteElo "2028"]
[BlackElo "2290"]
[PlyCount "146"]
[EventDate "2016.08.18"]

1. d4 Nf6 2. Nf3 d6 3. Nc3 g6 4. e4 Bg7 5. Be3 O-O 6. Bc4 c6 7. e5 Ne8 8. h3 b5
9. Bd3 Nd7 10. Bf4 a6 11. O-O dxe5 12. dxe5 Nc7 13. Ne4 Ne6 14. Bg3 c5 15. c3
Bb7 16. Qe2 Qb6 17. Rfd1 Qc6 18. a4 bxa4 19. Bc2 Nb6 20. Nfd2 c4 21. f3 Qb5 22.
Ra2 Rac8 23. f4 Rfd8 24. Kh2 Qc6 25. Nf3 Bh6 26. Rxd8+ Rxd8 27. Neg5 Bxg5 28.
Nxg5 Nxg5 29. fxg5 Qxg2+ 30. Qxg2 Bxg2 31. Kxg2 Rd2+ 32. Bf2 Rxc2 33. Kf3 Nd7
34. Bd4 Nf8 35. Rxa4 Ne6 36. Be3 Rxb2 37. Rxc4 Ra2 38. Rc8+ Kg7 39. c4 a5 40.
c5 a4 41. Re8 a3 42. Rxe7 Ra1 43. Ra7 a2 44. Ke2 Rh1 45. Rxa2 Rh2+ 46. Bf2 Nxc5
47. Kf1 Ne6 48. h4 Nf4 49. Ra8 Rh1+ 50. Bg1 Rxh4 51. Bc5 Ne6 52. Be7 Rf4+ 53.
Ke2 h6 54. Bf6+ Rxf6 55. gxf6+ Kh7 56. Ra7 Kg8 57. Ra8+ Kh7 58. Ra7 Kg8 59. Ke3
h5 60. Ra8+ Kh7 61. Ra7 Kg8 62. Ke4 g5 63. Kf5 g4 64. Ke4 h4 65. Ke3 g3 66. Ra4
Kh7 67. Rxh4+ Kg6 68. Rg4+ Kf5 69. Rxg3 Kxe5 70. Rf3 Ng5 71. Rf1 Ne4 72. Ra1
Nxf6 73. Ra7 Ke6 1/2-1/2

[Event "European Youth Chess Championship B16"]
[Site "Prague, Top Hotel Prague"]
[Date "2016.08.25"]
[Round "7.23"]
[White "Banzea, Alexandru-Bogdan"]
[Black "Tomulic, Teo"]
[Result "1-0"]
[WhiteElo "2287"]
[BlackElo "2148"]
[PlyCount "79"]
[EventDate "2016.08.18"]

1. e4 c5 2. Nf3 d6 3. Bb5+ Nd7 4. O-O g6 5. c3 Ngf6 6. Re1 a6 7. Bf1 Ne5 8.
Nxe5 dxe5 9. a4 Bg7 10. Na3 Be6 11. Nc4 Qc7 12. a5 O-O 13. d3 Bxc4 14. dxc4
Rad8 15. Qc2 Rd7 16. h3 h5 17. Be3 Kh7 18. b4 cxb4 19. cxb4 Bh6 20. Bb6 Qc6 21.
Rad1 Rxd1 22. Qxd1 Nd7 23. Qd5 Qxd5 24. exd5 Nxb6 25. axb6 Bd2 26. Rb1 Bc3 27.
c5 Bd4 28. Rd1 Rd8 29. Rxd4 exd4 30. c6 Ra8 31. c7 Rc8 32. Bxa6 bxa6 33. Kf1 d3
34. Ke1 Kg7 35. b7 Rxc7 36. b8=Q Rc2 37. Qe5+ Kg8 38. Kd1 Rxf2 39. Qxe7 Rb2 40.
d6 1-0

[Event "European Youth Chess Championship B16"]
[Site "Prague, Top Hotel Prague"]
[Date "2016.08.25"]
[Round "7.24"]
[White "Roshka, Yevgeniy"]
[Black "Yilmaz, Goktan"]
[Result "1/2-1/2"]
[WhiteElo "2285"]
[BlackElo "2134"]
[PlyCount "84"]
[EventDate "2016.08.18"]

1. d4 d5 2. Nf3 Nf6 3. c4 e6 4. cxd5 exd5 5. Nc3 c6 6. Bg5 Be7 7. e3 O-O 8. Qc2
Nbd7 9. Bd3 Re8 10. O-O Nf8 11. Rab1 Ng6 12. b4 Ne4 13. Bxe7 Qxe7 14. Bxe4 dxe4
15. Nd2 f5 16. b5 Be6 17. bxc6 bxc6 18. Rfc1 Rac8 19. Na4 Bd5 20. Nc5 f4 21.
Rb7 Rc7 22. Rxc7 Qxc7 23. Ndxe4 fxe3 24. f3 Nh4 25. Re1 Qf4 26. Qe2 Nf5 27. g3
Qb8 28. g4 Nxd4 29. Qxe3 Bxe4 30. Nxe4 Ne6 31. Re2 Rf8 32. Rd2 Qe5 33. Qb3 Kh8
34. Qa3 c5 35. Kg2 Nf4+ 36. Kf2 Ng6 37. Ng3 Nh4 38. Rd3 Rb8 39. Qc3 Rb2+ 40.
Kf1 Rb1+ 41. Kf2 Rb2+ 42. Kf1 Rb1+ 1/2-1/2

[Event "European Youth Chess Championship B16"]
[Site "Prague, Top Hotel Prague"]
[Date "2016.08.25"]
[Round "7.25"]
[White "Gallagher, Daniel GH"]
[Black "Koziol, Kamil"]
[Result "1/2-1/2"]
[WhiteElo "2128"]
[BlackElo "2276"]
[PlyCount "49"]
[EventDate "2016.08.18"]

1. Nf3 Nf6 2. c4 g6 3. Nc3 d5 4. cxd5 Nxd5 5. h4 h5 6. Qb3 Nb6 7. Ng5 e6 8. g3
Nc6 9. Bg2 Nd4 10. Qd1 Bg7 11. e3 Nf5 12. d4 O-O 13. O-O e5 14. dxe5 Qxd1 15.
Rxd1 Bxe5 16. Nce4 Bd7 17. Nc5 Bc6 18. Bxc6 bxc6 19. Rb1 Rfd8 20. Bd2 Nc4 21.
Bc3 Rxd1+ 22. Rxd1 Bxc3 23. bxc3 Nfd6 24. e4 Re8 25. f3 1/2-1/2

[Event "European Youth Chess Championship B16"]
[Site "Prague, Top Hotel Prague"]
[Date "2016.08.25"]
[Round "7.26"]
[White "Marosi, Levente"]
[Black "Buzas, Bertalan"]
[Result "1/2-1/2"]
[WhiteElo "2274"]
[BlackElo "2127"]
[PlyCount "102"]
[EventDate "2016.08.18"]

1. e4 Nc6 2. Nc3 e6 3. d4 Bb4 4. Nf3 Bxc3+ 5. bxc3 d6 6. Bf4 Nge7 7. Bd3 Ng6 8.
Bg5 f6 9. Be3 e5 10. h4 h5 11. Rb1 b6 12. Bb5 Bd7 13. Nd2 Qc8 14. Nf1 Nce7 15.
Be2 Bg4 16. Ng3 Bxe2 17. Qxe2 Qg4 18. Qxg4 hxg4 19. h5 Nf4 20. Bxf4 exf4 21.
Ne2 g5 22. Kd2 Kf7 23. d5 c5 24. c4 Rh6 25. Rh2 Rah8 26. Rbh1 Ke8 27. g3 Ng6
28. Kc3 f3 29. Nc1 Ne5 30. Nb3 f5 31. exf5 Rf8 32. a4 Rxf5 33. a5 Nd7 34. axb6
axb6 35. Re1+ Re5 36. Rxe5+ Nxe5 37. Nd2 Ke7 38. Ne4 Nf7 39. Rh1 Kf8 40. Rb1
Rxh5 41. Nf6 Rh2 42. Nxg4 Rg2 43. Rxb6 Rg1 44. Kb2 Rd1 45. Kc3 Re1 46. Kd2 Re2+
47. Kd3 Kg7 48. Rb7 Kg6 49. Rb6 Kg7 50. Rb7 Kg6 51. Rb6 Kg7 1/2-1/2

[Event "European Youth Chess Championship B16"]
[Site "Prague, Top Hotel Prague"]
[Date "2016.08.25"]
[Round "7.27"]
[White "Pauwels, Xander"]
[Black "Stauskas, Lukas"]
[Result "0-1"]
[WhiteElo "1996"]
[BlackElo "2235"]
[PlyCount "116"]
[EventDate "2016.08.18"]

1. e4 c5 2. Nf3 d6 3. d4 cxd4 4. Nxd4 Nf6 5. Nc3 a6 6. Be3 e6 7. f4 b5 8. a3
Bb7 9. Qf3 Nbd7 10. Bd3 Rc8 11. O-O h5 12. h3 Qc7 13. Rae1 Be7 14. Qg3 h4 15.
Qh2 Nh5 16. Bf2 Ng3 17. Bxg3 hxg3 18. Qxg3 Bh4 19. Qe3 Bxe1 20. Rxe1 Qb6 21.
Kh1 b4 22. axb4 Qxb4 23. Nb3 Nc5 24. Nxc5 Rxc5 25. Qg3 Kf8 26. Rf1 Rc7 27. Qg5
f6 28. Qg4 Bc8 29. Nd1 e5 30. Qg3 exf4 31. Qxf4 Be6 32. Ne3 Rc6 33. b3 Qd4 34.
Nf5 Qe5 35. Qe3 Bxf5 36. Rxf5 Qe7 37. Qd4 Rh4 38. b4 Qe6 39. Ra5 g5 40. b5 axb5
41. Ra8+ Kg7 42. Ra7+ Kg6 43. Qd5 Rxh3+ 44. Kg1 Qxd5 45. exd5+ Rxd3 46. dxc6
Rc3 47. c7 Rxc2 48. Kf1 b4 49. Ke1 b3 50. Rb7 b2 51. Rxb2 Rxc7 52. Ke2 d5 53.
Ke3 Rc4 54. Rd2 Re4+ 55. Kf3 Re5 56. g4 Kf7 57. Ra2 Re4 58. Ra7+ Ke6 0-1

[Event "European Youth Chess Championship B16"]
[Site "Prague, Top Hotel Prague"]
[Date "2016.08.25"]
[Round "7.28"]
[White "Trubchaninov, Timur"]
[Black "Abdulla, Murad"]
[Result "1-0"]
[WhiteElo "2228"]
[BlackElo "2103"]
[PlyCount "73"]
[EventDate "2016.08.18"]

1. e4 c5 2. Nf3 d6 3. d4 cxd4 4. Nxd4 Nf6 5. Nc3 g6 6. Be3 Bg7 7. f3 O-O 8. Qd2
Nc6 9. O-O-O d5 10. Kb1 Rb8 11. Ndb5 a6 12. Na7 e6 13. Qf2 Re8 14. Bc4 Qe7 15.
Bc5 Qc7 16. Bb6 Qe7 17. Bb3 Nd7 18. exd5 Nxb6 19. dxc6 Qc7 20. Qc5 Bd7 21. Qd6
Qxd6 22. Rxd6 bxc6 23. Nxc6 Rb7 24. Na5 Rbb8 25. Rhd1 Bxc3 26. bxc3 Bb5 27.
R1d4 Rec8 28. Rb4 Nc4 29. Nxc4 Bxc4 30. Bxc4 Rxb4+ 31. cxb4 Rxc4 32. a3 a5 33.
b5 Rc5 34. b6 Kf8 35. c4 Rc8 36. b7 Rb8 37. Rd7 1-0

[Event "European Youth Chess Championship B16"]
[Site "Prague, Top Hotel Prague"]
[Date "2016.08.25"]
[Round "7.29"]
[White "German, Nikita"]
[Black "Hakobyan, Hakob V"]
[Result "1/2-1/2"]
[WhiteElo "2223"]
[BlackElo "1792"]
[PlyCount "78"]
[EventDate "2016.08.18"]

1. e4 c5 2. Nf3 Nc6 3. Bb5 e6 4. Bxc6 bxc6 5. O-O Ne7 6. Re1 Ng6 7. e5 f6 8.
exf6 Qxf6 9. Nc3 Qd8 10. d4 cxd4 11. Qxd4 Qb6 12. Qe4 Be7 13. h4 O-O 14. Na4
Qa5 15. Bd2 Qf5 16. Qxf5 Rxf5 17. Bg5 Bxg5 18. hxg5 e5 19. Nc5 d5 20. Re3 e4
21. Nd4 Rxg5 22. Nxc6 d4 23. Nxe4 Rxg2+ 24. Kxg2 dxe3 25. Na5 Rb8 26. b3 Bf5
27. Nd6 Bxc2 28. fxe3 Nh4+ 29. Kg3 Nf5+ 30. Nxf5 Bxf5 31. Nc6 Re8 32. Nxa7 g5
33. Kf2 Be4 34. Rg1 Rf8+ 35. Ke2 Bf3+ 36. Kf2 g4 37. Kg3 Ra8 38. Nb5 Rxa2 39.
Nd4 Rb2 1/2-1/2

[Event "European Youth Chess Championship B16"]
[Site "Prague, Top Hotel Prague"]
[Date "2016.08.25"]
[Round "7.30"]
[White "D`Avino, Gianfranco"]
[Black "Laurent-Paoli, Pierre"]
[Result "0-1"]
[WhiteElo "2119"]
[BlackElo "2318"]
[PlyCount "104"]
[EventDate "2016.08.18"]

1. e4 c6 2. Nc3 d5 3. Nf3 g6 4. d4 Bg7 5. h3 dxe4 6. Nxe4 Bf5 7. Ng3 Be6 8. c3
Nf6 9. Bd3 Bd5 10. Be3 Nbd7 11. O-O O-O 12. Ne5 Nxe5 13. dxe5 Nd7 14. f4 f6 15.
exf6 exf6 16. f5 Qc7 17. Bf4 Qb6+ 18. Rf2 Ne5 19. Qc2 Nxd3 20. Qxd3 Bf7 21. Qe3
Rfe8 22. Qxb6 axb6 23. fxg6 hxg6 24. Bc7 b5 25. a3 Rac8 26. Bd6 Rcd8 27. Bc5
Rd5 28. Bd4 f5 29. Bxg7 Kxg7 30. Ne2 c5 31. Nf4 Rd6 32. b4 c4 33. Ne2 Rd3 34.
Nd4 Rxc3 35. Nxb5 Rd3 36. Rf3 Rxf3 37. gxf3 Re3 38. Rd1 Rxf3 39. Rd7 Kf6 40.
Rxb7 Rxh3 41. Rc7 Rb3 42. Nd6 Bd5 43. Nxc4 Bxc4 44. Rxc4 Rxa3 45. Kf2 Kg5 46.
b5 Rb3 47. Rc5 Kg4 48. Rc6 g5 49. b6 f4 50. Rg6 Rb2+ 51. Kg1 Kh4 52. Rc6 Kg3
0-1

[Event "European Youth Chess Championship B16"]
[Site "Prague, Top Hotel Prague"]
[Date "2016.08.25"]
[Round "7.31"]
[White "Haring, Viktor"]
[Black "Miesbauer, Jan"]
[Result "0-1"]
[WhiteElo "2105"]
[BlackElo "2272"]
[PlyCount "62"]
[EventDate "2016.08.18"]

1. Nf3 Nf6 2. c4 g6 3. b3 Bg7 4. Bb2 O-O 5. g3 d6 6. Bg2 e5 7. d3 Nc6 8. Nbd2
Nh5 9. O-O e4 10. Bxg7 exf3 11. Bxf8 fxg2 12. Bh6 gxf1=Q+ 13. Nxf1 Ng7 14. e4
Ne5 15. Ne3 f6 16. d4 Nf7 17. Bxg7 Kxg7 18. f4 c6 19. g4 Bd7 20. Qf3 Qe7 21.
Re1 Re8 22. h4 Kg8 23. Ng2 c5 24. d5 g5 25. Qg3 Kh8 26. hxg5 fxg5 27. Qc3+ Kg8
28. Qg3 gxf4 29. Nxf4 Qg5 30. Nh5 Ne5 31. Rf1 Rf8 0-1

[Event "European Youth Chess Championship B16"]
[Site "Prague, Top Hotel Prague"]
[Date "2016.08.25"]
[Round "7.32"]
[White "Mohammad, Fahim"]
[Black "Shafi, Declan"]
[Result "1-0"]
[WhiteElo "2260"]
[BlackElo "2078"]
[PlyCount "81"]
[EventDate "2016.08.18"]

1. d4 Nf6 2. Nf3 g6 3. c4 Bg7 4. Nc3 d5 5. cxd5 Nxd5 6. e4 Nxc3 7. bxc3 c5 8.
h3 O-O 9. Be2 Nc6 10. Be3 Qa5 11. Bd2 Qa3 12. d5 Ne5 13. Nxe5 Bxe5 14. Qc2 e6
15. f4 Bg7 16. dxe6 Bxe6 17. f5 Bd7 18. O-O Ba4 19. Qb1 Bxc3 20. Bh6 Bg7 21.
Bxg7 Qe3+ 22. Rf2 Kxg7 23. Qxb7 Rfb8 24. Qc7 Qd4 25. Raf1 Rd8 26. Qf4 Rd7 27.
Bg4 Rb7 28. Kh1 Re8 29. f6+ Kh8 30. Qh6 Rg8 31. Rf4 Qe3 32. Qg5 Rb2 33. Be6 Be8
34. Bc4 Qd2 35. Kh2 Qe3 36. R1f3 Qc1 37. Bd5 Rd2 38. Rh4 Rd1 39. Re3 Rh1+ 40.
Kg3 Rf1 41. Qh6 1-0

[Event "European Youth Chess Championship B16"]
[Site "Prague, Top Hotel Prague"]
[Date "2016.08.25"]
[Round "7.33"]
[White "Hurdzan, Tomas"]
[Black "Markovic, Dino"]
[Result "1-0"]
[WhiteElo "2245"]
[BlackElo "2012"]
[PlyCount "75"]
[EventDate "2016.08.18"]

1. e4 e6 2. d4 d5 3. e5 c5 4. c3 Nc6 5. Nf3 cxd4 6. cxd4 Nge7 7. a3 Nf5 8. Nc3
Be7 9. Bd3 a6 10. O-O O-O 11. Bc2 g6 12. Na4 f6 13. b4 fxe5 14. dxe5 b5 15. Nb2
Qc7 16. Nd3 a5 17. bxa5 Nxa5 18. Rb1 Bd7 19. g4 Ng7 20. Nd4 Nc4 21. f4 Qb6 22.
Ne1 Bc5 23. Nef3 Nxa3 24. Kg2 Nxb1 25. Bxb1 b4 26. Qd2 b3 27. Bb2 Ba3 28. Bxa3
Rxa3 29. f5 exf5 30. Qh6 Bb5 31. Rc1 Ne6 32. Nxe6 Qxe6 33. Rc7 Bd7 34. Ng5 Qe7
35. e6 Qg7 36. Qxg7+ Kxg7 37. exd7 Kh6 38. Ne6 1-0

[Event "European Youth Chess Championship B16"]
[Site "Prague, Top Hotel Prague"]
[Date "2016.08.25"]
[Round "7.34"]
[White "Landi, Alberto"]
[Black "Ranaldi, Lucas"]
[Result "0-1"]
[WhiteElo "2057"]
[BlackElo "2215"]
[PlyCount "104"]
[EventDate "2016.08.18"]

1. e4 c5 2. c3 d5 3. exd5 Qxd5 4. d4 Nc6 5. Nf3 Bf5 6. Be3 cxd4 7. Nxd4 Nxd4 8.
Qxd4 Qxd4 9. Bxd4 a6 10. Nd2 Nf6 11. g3 O-O-O 12. Bg2 e5 13. Bb6 Rd6 14. Nc4
Re6 15. Rd1 Be7 16. O-O e4 17. Be3 Bg4 18. Rd2 Rd8 19. Rxd8+ Bxd8 20. Bf4 Bc7
21. Bxc7 Kxc7 22. Ne3 Be2 23. Re1 Bd3 24. f3 exf3 25. Bxf3 Bb5 26. Kf2 Bc6 27.
Bxc6 Kxc6 28. Rd1 g6 29. Nc2 Ng4+ 30. Kg1 Kc7 31. Nd4 Re3 32. Kg2 Rxc3 33. bxc3
Ne3+ 34. Kf3 Nxd1 35. Ne2 Kd6 36. Ke4 Nf2+ 37. Kd4 Ng4 38. h3 Ne5 39. h4 b5 40.
Nf4 Nc6+ 41. Kd3 h5 42. Nh3 Ne5+ 43. Kd4 Nc6+ 44. Kd3 Kd5 45. Ng5 Ne5+ 46. Ke3
Nc4+ 47. Kf4 Nd6 48. Ke3 Kc4 49. Kd2 f6 50. Nh7 Ne4+ 51. Kc2 Nxg3 52. Nxf6 Nf5
0-1

[Event "European Youth Chess Championship B16"]
[Site "Prague, Top Hotel Prague"]
[Date "2016.08.25"]
[Round "7.35"]
[White "Simet, Martin"]
[Black "Goldie, Thomas"]
[Result "0-1"]
[WhiteElo "2058"]
[BlackElo "2193"]
[PlyCount "92"]
[EventDate "2016.08.18"]

1. d4 d5 2. Nf3 Nf6 3. Bf4 c5 4. e3 Nc6 5. c3 Qb6 6. Qc1 Bf5 7. h3 e6 8. Nbd2
h6 9. Be2 Be7 10. O-O O-O 11. a3 Rfc8 12. dxc5 Bxc5 13. b4 Be7 14. Qb2 Ne4 15.
Nxe4 Bxe4 16. Nd2 Bh7 17. Rac1 Bf6 18. Qa2 a5 19. b5 Ne5 20. Bxe5 Bxe5 21. c4
d4 22. Nf3 Bf6 23. exd4 Bxd4 24. Nxd4 Qxd4 25. Rfd1 Qc5 26. Bf3 Rab8 27. Rd7 b6
28. Rcd1 Bg6 29. Bc6 Bf5 30. Qb2 Qf8 31. g4 Bg6 32. Qc3 Qc5 33. R1d6 Re8 34.
Rd4 h5 35. Qg3 h4 36. Qxh4 Qxa3 37. Rd8 Rbxd8 38. Rxd8 Rf8 39. Kg2 a4 40. Rxf8+
Qxf8 41. Qg3 a3 42. Qb3 Qc5 43. Bf3 Qd6 44. Bd1 Qd3 45. c5 Be4+ 46. Kh2 a2 0-1

[Event "European Youth Chess Championship B16"]
[Site "Prague, Top Hotel Prague"]
[Date "2016.08.25"]
[Round "7.36"]
[White "Batashevs, Arsens"]
[Black "Lojek, Marek"]
[Result "0-1"]
[WhiteElo "1969"]
[BlackElo "2141"]
[PlyCount "82"]
[EventDate "2016.08.18"]

1. d4 Nf6 2. e3 e6 3. Bd3 c5 4. Nd2 d6 5. Ngf3 Be7 6. O-O O-O 7. b3 Nbd7 8. Bb2
a6 9. c4 b6 10. Qc2 Kh8 11. Ne1 Bb7 12. f4 Ng4 13. Qb1 Nxe3 14. Rf2 Ng4 15. Re2
Ngf6 16. Nef3 cxd4 17. Bxd4 Nc5 18. Bc2 a5 19. Qe1 Nfd7 20. Qg3 Bf6 21. Qh3
Bxd4+ 22. Nxd4 g6 23. Nb5 Qf6 24. Rf1 Bc6 25. Nc3 Qd4+ 26. Qe3 Qxe3+ 27. Rxe3
f5 28. a3 e5 29. b4 axb4 30. axb4 Ne6 31. Rd3 Nxf4 32. Rxd6 Rf6 33. Rxf6 Nxf6
34. b5 Bb7 35. Na4 Ng4 36. Re1 Nxg2 37. Rc1 Nf4 38. Rb1 Rd8 39. Rd1 Ne3 40. h4
Nxd1 41. c5 Rxd2 0-1

[Event "European Youth Chess Championship B16"]
[Site "Prague, Top Hotel Prague"]
[Date "2016.08.25"]
[Round "7.37"]
[White "Szustakowski, Antoni"]
[Black "Slomczewski, Michal"]
[Result "1-0"]
[WhiteElo "2125"]
[BlackElo "1920"]
[PlyCount "75"]
[EventDate "2016.08.18"]

1. d4 c5 2. d5 e6 3. c4 Nf6 4. Nc3 exd5 5. cxd5 d6 6. e4 g6 7. Nge2 Bg7 8. Ng3
O-O 9. Be2 Na6 10. O-O Nc7 11. Bg5 h6 12. Be3 Rb8 13. a4 a6 14. a5 Re8 15. Qd2
Kh7 16. Bf4 b5 17. axb6 Rxb6 18. f3 Bd7 19. Rfb1 Qb8 20. Nf1 Bb5 21. Bxb5 axb5
22. Ra5 Nd7 23. Ne3 c4 24. b4 cxb3 25. Rxb3 Nc5 26. Rb1 Qb7 27. Nc2 b4 28. Na4
Nxa4 29. Rxa4 Na6 30. Be3 Rb5 31. Nd4 Bxd4 32. Qxd4 Rc8 33. Qf6 b3 34. Bd4 Rg8
35. Rxa6 Rc5 36. Rb6 Qc7 37. Rc6 Rxc6 38. dxc6 1-0

[Event "European Youth Chess Championship B16"]
[Site "Prague, Top Hotel Prague"]
[Date "2016.08.25"]
[Round "7.38"]
[White "Cirovic, Miroljub"]
[Black "Nguyen, Kevin"]
[Result "0-1"]
[WhiteElo "1943"]
[BlackElo "2169"]
[PlyCount "70"]
[EventDate "2016.08.18"]

1. d4 g6 2. c4 Nf6 3. Nc3 Bg7 4. e4 d6 5. Nf3 O-O 6. Be2 c5 7. d5 e5 8. Bg5 h6
9. Bd2 Kh8 10. O-O Ng8 11. Ne1 f5 12. Nd3 f4 13. b4 b6 14. a4 a5 15. bxc5 bxc5
16. Bg4 Bxg4 17. Qxg4 Ne7 18. Nb5 h5 19. Qe2 Nc8 20. f3 g5 21. g3 Nd7 22. gxf4
gxf4 23. Kh1 Ndb6 24. Nb2 Qe7 25. Qe1 Bf6 26. Bxa5 Bh4 27. Qd2 Rg8 28. Rg1 Bg3
29. hxg3 Rxa5 30. Qxa5 Rxg3 31. Qd2 Rh3+ 32. Qh2 Rxh2+ 33. Kxh2 Qh4+ 34. Kg2
Qg3+ 35. Kh1 Qh3# 0-1

[Event "European Youth Chess Championship B16"]
[Site "Prague, Top Hotel Prague"]
[Date "2016.08.25"]
[Round "7.39"]
[White "Kadianis, Georgios"]
[Black "Havelka, Ondrej"]
[Result "1/2-1/2"]
[WhiteElo "2169"]
[BlackElo "2025"]
[PlyCount "61"]
[EventDate "2016.08.18"]

1. e4 e6 2. d4 d5 3. Nc3 Nf6 4. Bg5 Bb4 5. e5 h6 6. Bd2 Bxc3 7. bxc3 Ne4 8. Qg4
Kf8 9. Nf3 c5 10. Bd3 Nxd2 11. Kxd2 Nc6 12. h4 c4 13. Be2 b5 14. Qf4 Bd7 15. g4
g6 16. h5 g5 17. Qe3 f5 18. exf6 Qxf6 19. Rh3 Kg7 20. Ne5 Nxe5 21. dxe5 Qe7 22.
f4 gxf4 23. Qxf4 Rhf8 24. Qe3 Qg5 25. Rf3 Rxf3 26. Qxg5+ hxg5 27. Bxf3 Rf8 28.
Ke3 Rf4 29. Rd1 Bc6 30. Rd4 Rf8 31. a3 1/2-1/2

[Event "European Youth Chess Championship B16"]
[Site "Prague, Top Hotel Prague"]
[Date "2016.08.25"]
[Round "7.40"]
[White "Iliaguev, Nisim"]
[Black "Sramek, Vojtech"]
[Result "1-0"]
[WhiteElo "2120"]
[BlackElo "2005"]
[PlyCount "85"]
[EventDate "2016.08.18"]

1. e4 c5 2. Nf3 g6 3. d4 cxd4 4. Nxd4 Nc6 5. c4 Bg7 6. Be3 Nf6 7. Nc3 Ng4 8.
Qxg4 Nxd4 9. Qd1 Ne6 10. Qd2 Qa5 11. Rc1 b6 12. Qd5 Rb8 13. Qxa5 bxa5 14. b3
Bd4 15. Bd2 Bb7 16. f3 Bc6 17. Nd5 a4 18. b4 d6 19. g3 Kd7 20. Bh3 Rhf8 21. Bh6
Rfe8 22. Ke2 Kd8 23. Bd2 Nc7 24. Kd3 Bg7 25. b5 Nxd5 26. exd5 Bd7 27. Bxd7 Kxd7
28. Rb1 e6 29. dxe6+ Rxe6 30. Rb4 d5 31. Rxa4 dxc4+ 32. Kxc4 Rb7 33. Bf4 Re2
34. Rd1+ Ke7 35. Rd2 Re6 36. Ra3 Be5 37. Bxe5 Rxe5 38. Rb3 Rc7+ 39. Kb4 Rb7 40.
Ka5 Re6 41. a4 f5 42. Rc3 a6 43. Rc6 1-0

[Event "European Youth Chess Championship B16"]
[Site "Prague, Top Hotel Prague"]
[Date "2016.08.25"]
[Round "7.41"]
[White "Durbano, Gabriele"]
[Black "Papp, Levente"]
[Result "0-1"]
[WhiteElo "2002"]
[BlackElo "2120"]
[PlyCount "104"]
[EventDate "2016.08.18"]

1. Nf3 d5 2. c4 c6 3. e3 Nf6 4. d4 e6 5. Nbd2 Nbd7 6. Bd3 Bd6 7. O-O O-O 8. e4
dxe4 9. Nxe4 Nxe4 10. Bxe4 Qc7 11. c5 Be7 12. Qc2 h6 13. Re1 Nf6 14. Ne5 Qd8
15. Be3 Nd5 16. Bxd5 Qxd5 17. b4 Rd8 18. Rad1 a5 19. bxa5 Rxa5 20. Nc4 Ra6 21.
Bf4 Qh5 22. Bc7 Rd7 23. Bd6 b5 24. Bxe7 bxc4 25. Bd6 Rda7 26. Ra1 Qd5 27. Qb2
Ra4 28. Re5 c3 29. Qxc3 Qxd4 30. Qxd4 Rxd4 31. Re2 Ba6 32. Rc2 Bb5 33. h3 Ra3
34. Rb1 Rdd3 35. Rbb2 f6 36. Bb8 e5 37. Rb4 Kf7 38. Rcb2 Ke6 39. Bd6 g6 40. Bf8
h5 41. h4 Rd4 42. g3 g5 43. hxg5 fxg5 44. Bg7 Bc4 45. Kg2 Bd5+ 46. Kh2 Rxb4 47.
Rxb4 Rxa2 48. g4 h4 49. Kh3 Ra3+ 50. f3 Rxf3+ 51. Kh2 Rf1 52. Bxe5 Rh1# 0-1

[Event "European Youth Chess Championship B16"]
[Site "Prague, Top Hotel Prague"]
[Date "2016.08.25"]
[Round "7.42"]
[White "Demosthenous, Andreas"]
[Black "Liska, Jiri"]
[Result "0-1"]
[WhiteElo "1925"]
[BlackElo "2116"]
[PlyCount "94"]
[EventDate "2016.08.18"]

1. e4 c5 2. Nf3 Nc6 3. d4 cxd4 4. Nxd4 e5 5. Nf3 Nf6 6. Bc4 Qa5+ 7. Bd2 Qc5 8.
Qe2 Be7 9. O-O O-O 10. Nc3 Nd4 11. Nxd4 exd4 12. Nd5 Nxd5 13. Bxd5 Bf6 14. Qd3
d6 15. Qb3 a5 16. c3 a4 17. Qd1 a3 18. b4 Qb6 19. c4 Be6 20. Qb3 Bxd5 21. exd5
Rfe8 22. Rae1 h6 23. Rxe8+ Rxe8 24. Qxa3 Qc7 25. Qd3 b6 26. f3 Rc8 27. Re1 g6
28. Rc1 Kh7 29. Be1 Qa7 30. Rc2 b5 31. Bf2 bxc4 32. Rxc4 Qa6 33. Rc3 Qxd3 34.
Rxd3 Rc1+ 35. Be1 Rxe1+ 36. Kf2 Rb1 37. a3 Rb2+ 38. Kg3 g5 39. Kg4 Kg6 40. f4
h5+ 41. Kf3 g4+ 42. Kg3 Kf5 43. h4 Rc2 44. Rd1 Rc3+ 45. Kf2 Rxa3 46. Rb1 Ra2+
47. Kf1 Bd8 0-1

[Event "European Youth Chess Championship B16"]
[Site "Prague, Top Hotel Prague"]
[Date "2016.08.25"]
[Round "7.43"]
[White "Golding, James"]
[Black "Dill, Xaver"]
[Result "1/2-1/2"]
[WhiteElo "1919"]
[BlackElo "2110"]
[PlyCount "94"]
[EventDate "2016.08.18"]

1. d4 Nf6 2. c4 e6 3. Nf3 c5 4. e3 d5 5. Nc3 Nc6 6. a3 a6 7. dxc5 Bxc5 8. b4
Ba7 9. Bb2 O-O 10. Qc2 Qe7 11. Rd1 Rd8 12. Be2 dxc4 13. Rxd8+ Nxd8 14. Bxc4 b5
15. Bd3 Bb7 16. O-O Rc8 17. Qb1 Ba8 18. Ne2 h6 19. Ng3 Nb7 20. Rc1 Rxc1+ 21.
Qxc1 Nd6 22. Qc3 Qf8 23. Ne5 Qc8 24. Qxc8+ Nxc8 25. a4 Nd6 26. axb5 axb5 27.
Ne2 Nd5 28. Nc3 Nxb4 29. Bxb5 Nxb5 30. Nxb5 Bb8 31. Nf3 f6 32. Ba3 Nd3 33. Bd6
Bxd6 34. Nxd6 Bxf3 35. gxf3 g5 36. Ne4 Kf7 37. Nd2 Kg6 38. Kf1 f5 39. Ke2 Ne5
40. Kf1 Kh5 41. Kg2 Ng6 42. Kf1 Nh4 43. Ke2 Ng6 44. Kf1 Kh4 45. Kg2 Ne5 46. Nb3
Nd3 47. Nd4 Nc5 1/2-1/2